| 000 | 00377nam a2200145Ia 4500 | ||
|---|---|---|---|
| 008 | 211109s9999||||xx |||||||||||||| ||und|| | ||
| 082 |
_a500 _bBHA-A |
||
| 100 | _aBhaskarannair, K | ||
| 245 | 0 | _aAdunikasastram | |
| 260 |
_bMathrubhumi _aKozhikode _c1942 |
||
| 300 | _a224p. | ||
| 630 | _xGeneral Stack | ||
| 650 |
_aNATURAL SCIENCES _vMODERN SCIENCE _xGeneralia |
||
| 942 | _cBOOK | ||
| 999 |
_c12835 _d12835 |
||